Tatrám po víchrici hrozia turistickým ruchom

Zo slovenských veľhôr turistov odháňali, teraz sa musia spoľahnúť na ich vernosť. Ostrá diskusia o budúcnosti Vysokých Tatier. Vývoj cestovného ruchu verzus ochranári. Očakávané schválenie zadania územného plánu celej oblasti. Čo vyrieši územný plán. Čo treba chrániť. Potreba zmeny prístupu k návšte...

Description complète

Enregistré dans:
Détails bibliographiques
Auteur principal: Beer, Gabriel
Autres auteurs: Janků, Jana
Format: Chapitre de livre
Langue:slovaque
Sujets:
Tags: Ajouter un tag
Pas de tags, Soyez le premier à ajouter un tag!

MARC

LEADER 00000naa$a2200000$$$4500
001 0022975
005 20231009075602.4
041 0 |a slo 
044 |a SK 
245 1 0 |a Tatrám po víchrici hrozia turistickým ruchom  |c Gabriel Beer, Jana Janků 
520 |a Zo slovenských veľhôr turistov odháňali, teraz sa musia spoľahnúť na ich vernosť. Ostrá diskusia o budúcnosti Vysokých Tatier. Vývoj cestovného ruchu verzus ochranári. Očakávané schválenie zadania územného plánu celej oblasti. Čo vyrieši územný plán. Čo treba chrániť. Potreba zmeny prístupu k návštevníkom Tatier. Lyžiarske strediská, ubytovanie, kvalita služieb. 
610 2 0 |a ruch cestovný 
610 2 0 |a ochrana prírody 
610 2 0 |a ochrana prostredia životného 
610 2 0 |a plán územný 
610 2 0 |a strediská ruchu cestovného 
610 2 0 |a ubytovanie 
610 2 0 |a kvalita 
610 2 0 |a služby 
610 2 0 |a turistika 
610 2 0 |a šport 
610 2 0 |a Vysoké Tatry 
100 1 |a Beer, Gabriel 
700 1 |a Janků, Jana